Basics of medical physiology Ed 3 (Record no. 120428)
[ view plain ]
| 000 -LEADER | |
|---|---|
| fixed length control field | 00551nam a2200217Ia 4500 |
| 003 - CONTROL NUMBER IDENTIFIER | |
| control field | OSt |
| 005 - DATE AND TIME OF LATEST TRANSACTION | |
| control field | 20220411162527.0 |
| 008 - FIXED-LENGTH DATA ELEMENTS--GENERAL INFORMATION | |
| fixed length control field | 210210b2016 xxu||||| |||| 00| 0 eng d |
| 020 ## - INTERNATIONAL STANDARD BOOK NUMBER | |
| International Standard Book Number | 9788184739183 |
| 040 ## - CATALOGING SOURCE | |
| Original cataloging agency | AL |
| Transcribing agency | |
| 041 ## - LANGUAGE CODE | |
| Language code of text/sound track or separate title | eng |
| 082 ## - DEWEY DECIMAL CLASSIFICATION NUMBER | |
| Classification number | 612 VENB |
| 100 ## - MAIN ENTRY--PERSONAL NAME | |
| Personal name | VENKATESH (D) |
| 9 (RLIN) | 29361 |
| 245 ## - TITLE STATEMENT | |
| Title | Basics of medical physiology Ed 3 |
| 260 ## - PUBLICATION, DISTRIBUTION, ETC. | |
| Place of publication, distribution, etc. | New Delhi |
| Name of publisher, distributor, etc. | Lippincott Williams & Wilkins |
| Date of publication, distribution, etc. | 2016 |
| 300 ## - PHYSICAL DESCRIPTION | |
| Extent | ix,442 |
| 690 ## - LOCAL SUBJECT ADDED ENTRY--TOPICAL TERM (OCLC, RLIN) | |
| Topical term or geographic name as entry element | Medical Physiology |
| 9 (RLIN) | 29368 |
| 700 ## - ADDED ENTRY--PERSONAL NAME | |
| Personal name | SUDHAKAR (H H) |
| 9 (RLIN) | 29369 |
| 906 ## - LOCAL DATA ELEMENT F, LDF (RLIN) | |
| a | 071026 |
| 942 ## - ADDED ENTRY ELEMENTS (KOHA) | |
| Source of classification or shelving scheme | Dewey Decimal Classification |
| Koha item type | Book |
| Withdrawn status | Lost status | Source of classification or shelving scheme | Damaged status | Not for loan | Collection code | Home library | Current library | Date acquired | Source of acquisition | Cost, normal purchase price | Total Checkouts | Full call number | Barcode | Date last seen | Date last checked out | Price effective from | Koha item type |
|---|---|---|---|---|---|---|---|---|---|---|---|---|---|---|---|---|---|
| Dewey Decimal Classification | Bio Technology | St Aloysius Library | St Aloysius Library | 02/17/2021 | Biblios Book Point, Surathkal-575014 | 475.00 | 1 | 612 VENB | 071027 | 07/25/2025 | 07/15/2025 | 02/17/2021 | Book | ||||
| Dewey Decimal Classification | Bio Chemistry | St Aloysius Library | St Aloysius Library | 02/17/2021 | Biblios Book Point, Surathkal-575014 | 475.00 | 7 | 612 VENB | 071026 | 04/28/2025 | 04/25/2025 | 02/17/2021 | Book |